000 00450nam a2200157Ia 4500
008 241217s9999||||xx |||||||||||||| ||und||
020 _a9780131494930
_c36
040 _beng
_cSSK Library
_erda
082 _a005.13 STA
100 _a Ryan Stansifer
245 4 _aThe Study Of Programming Languages
260 _b Prentice-Hall International, Inc.
_c©1995
942 _2Dewey Decimal Classification
_cBOOK
_nNo
999 _c25681
_d25681
003 OSt
005 20241217112956.0